000 00396nam a2200181Ia 4500
001 756
005 20260306140541.0
008 260306t1933||||xx |||||||||||||| ||spa||
041 _aESP
082 _a160
_bG77
100 _aGrau, Kurt Joachim,
_eAUT
245 0 _aLógica
260 _c1933
300 _a188 páginas :
_c18 cm.
650 _aGEN
654 _aCHU
942 _cLIB
_dJUS
_fJUS
_2ddc
_n
999 _c756
_d756